| 000 | 00810nam a2200265 4500 | ||
|---|---|---|---|
| 001 | 2244824 | ||
| 003 | ARRUPE | ||
| 005 | 20141210102852.0 | ||
| 008 | 701214s1970 enkacf 000 0aeng | ||
| 010 | _a 76522521 | ||
| 015 | _aB70-19243 | ||
| 020 | _a0701203404 | ||
| 040 |
_aDLC _cDLC _dDLC |
||
| 043 |
_aa-ja--- _ae-uk--- |
||
| 050 | 0 | 0 |
_aSPC D805.J4 _bV34 1977 |
| 100 | 1 |
_aVan der Post, Laurens. _913076 |
|
| 245 | 1 | 4 | _aThe night of the new moon. |
| 260 |
_aMiddlesex _bPenguin Books _c1977 |
||
| 300 |
_a157 p., 6 plates. _billus., ports. _c21 cm. |
||
| 350 | _a25/- | ||
| 650 | 0 |
_aWorld War, 1939-1945 _xPrisoners and prisons, Japanese. _913159 |
|
| 650 | 0 |
_aWorld War, 1939-1945 _xPersonal narratives, British. _94428 |
|
| 906 |
_a7 _bcbc _corignew _d3 _encip _f19 _gy-gencatlg |
||
| 942 |
_2lcc _cSPC |
||
| 999 |
_c121418 _d121418 |
||